000 00692nam a2200241 a 4500
001 52617
003 BD-RjUL
005 20211209075832.0
008 790723s1955 nyua 000 0 eng
035 _a(BD-RjUL)52737
040 _aDLC
_cDLC
_dDLC
_beng
041 _aeng
082 0 0 _223
_a361.8
_bTRS 1955
100 1 _aTrecker, Harleigh Bradley
_d1911-
_9117771
245 0 0 _aSocial group work :
_bprinciples and practices /
_cHarleigh Bradley Trecker
250 _aRev. and enl.
260 _aNew York :
_bWhiteside,
_c1955
300 _a442 p.:
_billus.,
_c22 cm.
500 _aIncludes index
650 0 _aSocial group work.
_9124045
942 _2ddc
_cBK
_01
999 _c52617
_d52617